000 00398nam a22001337a 4500
008 230605b xxu||||| |||| 00| 0 eng d
020 _a9781846684302
082 _a330
_bACE
100 _cDaron Acemoglu and James A. Robinson
_d2012
245 _aWhy Nations Fall
_bThe Origins of Power Prosperity and Power
260 _aUnited States of America
_bGreat Britain
300 _a529 p
942 _2ddc
_cBK
999 _c421
_d421